Ginga Densetsu Weed Character Quiz - Statistics

General Stats
  • This quiz has been taken 26 times
  • The average score is 22 of 28
Answer Stats
Picture Answer % Correct
Ben
100%
Cross
100%
Gin
100%
John
100%
Smith
100%
Weed
100%
Akame
94%
GB
94%
Hougen
94%
Jerome
94%
Sakura
94%
Ken
88%
Kyoshiro
88%
Kurotora
82%
Tesshin
82%
Thunder
82%
Genba
76%
Kagetora
76%
Mel
76%
Hiro
71%
Kaibutsu
71%
Rocket
71%
Kamakiri
65%
Bat
59%
Lector
59%
Toubei
47%
Buruge
41%
Kite
29%
No matching quizzes found
Score Distribution
Percent of People with Each Score
Percentile by Number Answered
Your Score History
You have not taken this quiz